Celebrities With "D" Names by Picture - Statistics

General Stats
  • This quiz has been taken 198 times
    175 since last reset
  • The average score is 10 of 16
Answer Stats
Picture Answer % Correct
Dwayne Johnson
99%
Donald Trump
97%
Princess Diana
94%
Drake
88%
Daniel Radcliffe
86%
Danny DeVito
78%
David Beckham
76%
David Bowie
66%
Demi Moore
55%
Denzel Washington
55%
Dave Bautista
39%
Daniel Day-Lewis
36%
Diane Keaton
36%
David Letterman
33%
Dean Cain
8%
David Fincher
6%
No matching quizzes found
Score Distribution
Percent of People with Each Score
Percentile by Number Answered
Your Score History
You have not taken this quiz since the last reset